000 00576nam a2200193Ia 4500
003 GCL
008 140319s9999 xx 000 0 ara d
040 _aGCL /
_cGCL
082 0 4 _a414
_bا د
100 1 _aالازهر الزناد
245 1 0 _aدروس فى البلاغة العربية /
_cالازهر الزناد
260 _a[S.N] :
_bالمركز الثقافى العربى ،
_c1992
300 _a192 ص
490 _a
650 0 4 _aاللغة العربية
650 0 4 _aالبلاغة العربية
650 0 4 _aتاريخ ونقد
942 _2ddc
_cBK
999 _c28019
_d28019